Countries of the World in Cyrillic Alphabet - Statistics

General Stats
  • This quiz has been taken 397 times
  • The average score is 79 of 193
Answer Stats
English Name Russian Cyrillic % Correct
Afghanistan Афганистан
95%
Albania Албания
88%
Antigua and Barbuda Антигуа и Барбуда
88%
Andorra Андорра
86%
Armenia Армения
85%
Angola Ангола
84%
Argentina Аргентина
84%
Azerbaijan Азербайджан
82%
Austria Австрия
80%
Australia Австралия
79%
Algeria Алжир
76%
Barbados Барбадос
71%
Bangladesh Бангладеш
70%
Belarus Белоруссия
70%
Benin Бенин
70%
Botswana Ботсвана
70%
Canada Канада
70%
Cambodia Камбоджа
69%
Bosnia and Herzegovina Босния и Герцеговина
68%
Bahrain Бахрейн
67%
Bhutan Бутан
67%
Belgium Бельгия
66%
Burkina Faso Буркина-Фасо
66%
Belize Белиз
65%
Bolivia Боливия
65%
Burundi Бурунди
65%
Cameroon Камерун
65%
Brazil Бразилия
63%
Brunei Бруней
63%
Bulgaria Болгария
63%
Chad Чад
63%
Chile Чили
62%
Cape Verde Кабо-Верде
61%
Costa Rica Коста-Рика
60%
Cuba Куба
60%
Colombia Колумбия
58%
Dominica Доминика
56%
Democratic Republic of the Congo Демократическая Республика Конго
55%
Dominican Republic Доминиканская Республика
55%
Gabon Габон
52%
Gambia Гамбия
52%
Cote d'Ivoire Кот-д'Ивуар
51%
France Франция
51%
Ghana Гана
51%
Central African Republic Центрально-Африканская Республика
50%
Estonia Эстония
50%
Germany Германия
50%
Djibouti Джибути
49%
East Timor Восточный Тимор
49%
Ecuador Эквадор
49%
Fiji Фиджи
49%
Finland Финляндия
49%
Grenada Гренада
49%
Guatemala Гватемала
49%
Guinea Гвинея
48%
Czech Republic Чехия
47%
El Salvador Эль-Сальвадор
47%
Eritrea Эритрея
47%
Greece Греция
47%
Iran Иран
46%
Iraq Ирак
46%
Ethiopia Эфиопия
45%
Guinea-Bissau Гвинея-Бисау
45%
Comoros Коморские острова
44%
Denmark Дания
44%
Haiti Гаити
44%
Honduras Гондурас
44%
Kenya Кения
44%
Iceland Исландия
43%
India Индия
43%
Indonesia Индонезия
43%
Laos Лаос
43%
Cyprus Кипр
42%
Equatorial Guinea Экваториальная
42%
Ireland Ирландия
42%
Kazakhstan Казахстан
42%
Macedonia Македония
42%
Italy Италия
41%
Latvia Латвия
41%
Malta Мальта
41%
China Китай
40%
Egypt Египет
40%
Guyana Гайана
40%
Israel Израиль
40%
Jamaica Ямайка
40%
Kuwait Кувейт
40%
Madagascar Мадагаскар
40%
Mali Мали
40%
Monaco Монако
40%
North Korea Корея, северная
40%
Oman Оман
40%
South Korea Корея, южная
40%
Bahamas Багамы
39%
Lesotho Лесото
39%
Croatia Хорватия
38%
Kiribati Кирибати
37%
Libya Ливия
37%
Morocco Марокко
37%
Japan Япония
36%
Liberia Либерия
36%
Malawi Малави
36%
Malaysia Малайзия
36%
Mozambique Мозамбик
36%
Russia Россия
36%
Jordan Иордания
35%
Liechtenstein Лихтенштейн
35%
Luxembourg Люксембург
35%
Mexico Мексика
35%
Mongolia Монголия
35%
Qatar Катар
35%
Samoa Самоа
35%
Nepal Непал
34%
Panama Панама
34%
Kyrgyzstan Киргизия
33%
Maldives Мальдивы
33%
Mauritania Мавритания
33%
Moldova Молдавия
33%
Namibia Намибия
33%
Nauru Науру
33%
Pakistan Пакистан
33%
Palau Палау
33%
Lithuania Литва
32%
Micronesia, Federal States of Микронезии, Федеративные Штаты
32%
Nicaragua Никарагуа
32%
Papua New Guinea Папуа — Новая Гвинея
32%
Paraguay Парагвай
32%
Peru Перу
32%
San Marino Сан-Марино
32%
Marshall Islands Маршалловы Острова
31%
Netherlands Нидерланды
31%
New Zealand Новая Зеландия
31%
Niger Нигер
31%
Nigeria Нигерия
31%
Norway Норвегия
31%
Rwanda Руанда
31%
Sao Tome and Príncipe Сан-Томе и Принсипи
31%
Lebanon Ливан
30%
Myanmar, Burma Мьянма
30%
Poland Польша
30%
Romania Румыния
30%
Portugal Португалия
29%
Philippines Филиппины
28%
Togo Того
28%
Hungary Венгрия
27%
Saint Kitts and Nevis Сент-Китс и Невис
27%
Senegal Сенегал
27%
Serbia Сербия
27%
Georgia Грузия
26%
Saint Lucia Сент-Люсия
26%
Slovakia Словакия
26%
Slovenia Словения
26%
Yemen Йемен
26%
Zambia Замбия
26%
Zimbabwe Зимбабве
26%
Mauritius Маврикий
25%
Somalia Сомали
25%
Tonga Тонга
25%
Sierra Leone Сьерра-Леоне
24%
Trinidad and Tobago Тринидад и Тобаго
24%
Turkmenistan Туркменистан
24%
Ukraine Украина
24%
Saint Vincent and the Grenadines Сент-Винсент и Гренадины
23%
Saudi Arabia Саудовская Аравия
23%
Singapore Сингапур
23%
Solomon Islands Соломоновы Острова
23%
Sudan Судан
23%
Syria Сирия
23%
Tajikistan Таджикистан
23%
Tanzania Танзания
23%
Venezuela Венесуэла
23%
Vietnam Вьетнам
23%
Montenegro Черногория
22%
South Africa Южно-Африканская
22%
Turkey Турция
22%
Tuvalu Тувалу
22%
Uganda Уганда
22%
Seychelles Сейшельские острова
21%
Spain Испания
21%
Sri Lanka Шри-Ланка
21%
Suriname Суринам
21%
Tunisia Тунис
21%
Uruguay Уругвай
21%
Uzbekistan Узбекистан
21%
Vanuatu Вануату
21%
Taiwan Тайвань
20%
Swaziland Свазиленд
19%
Thailand Таиланд
19%
United Arab Emirates Объединённые Арабские
19%
Vatican City Ватикан
19%
Sweden Швеция
18%
Switzerland Швейцария
18%
United States Соединённые Штаты
18%
United Kingdom Соединённое Королевство
17%
No matching quizzes found
Score Distribution
Percent of People with Each Score
Percentile by Number Answered
Your Score History
You have not taken this quiz